00572cam a22001932 4500001001100000005001700011008004100028020001700069040001500086100003700101245007300138250001200211260003400223300001700257650004600274650005200320852000300372852000300375000002160620151217152237.0120830s xx 000 0 eng d a0073128986 : aKABUcKABU1 aAehlert, Barbara RN.@000018259910aEmergency medical technician :bEMT in action /cBarbara Aehlert RN. a1st ed. aBoston :bMcGraw-Hill,c2009. axxiv, 776 p. 0aEmergency treatmentxMethods.@0000182600 0aEmergency medical servicexmethods.@00001826011 1